Ako podnikať

Z obsahu: Spotrebiteľské trendy. Menej kariéry, viac pokoja. Nevhodná improvizácia nosí blamáž. Keď sú tvorivosť a inovácie samoúčelné. Efektívny predajca - predávať po kolegovi. Poradenstvo.

Saved in:
Bibliographic Details
Format: Book Chapter
Language:Slovak
Subjects:
Tags: Add Tag
No Tags, Be the first to tag this record!

MARC

LEADER 00000naa$a2200000$$$4500
001 0052511
005 20231009072859.4
041 0 |a slo 
044 |a SK 
245 1 0 |a Ako podnikať 
520 |a Z obsahu: Spotrebiteľské trendy. Menej kariéry, viac pokoja. Nevhodná improvizácia nosí blamáž. Keď sú tvorivosť a inovácie samoúčelné. Efektívny predajca - predávať po kolegovi. Poradenstvo. 
610 2 0 |a podnikanie 
610 2 0 |a spotrebitelia 
610 2 0 |a správanie spotrebiteľa 
610 2 0 |a štandardy 
610 2 0 |a inovácia 
610 2 0 |a predajcovia 
610 2 0 |a poradenstvo